000 00992nam a2200265Ia 4500
003 OSt
005 20221005110533.0
006 a|||||r|||| 00| 0
007 ta
008 221004b |||||||| |||| 00| 0 hin d
020 _a8177142909 (hbk)
_c125
024 _a97555
037 _b418, 23/03/2009, Swaraj Prakashan
_cTextual
040 _aCRL
_cCRL
_bhin
041 _2hin
_ahin
082 _aO41,1xN, 152P7
100 _aरावत, देवेन्द्र, अनु.
245 0 _aबीसवीं सदी की चीनी कविता
246 _aBīsavīan sadī kī chīnī kavitā
260 _aनई दिल्ली
_bप्रकाशन संस्थान भारत
_c2007
300 _a136पृ0
_ccm.
650 _aहिन्दी साहित्य
942 _hO41,1xN, 152P7
_cTEXL
_2cc
999 _c1019124
_d1019124